| 000 | 01219nam a22003737a 4500 | ||
|---|---|---|---|
| 003 | CHAP | ||
| 005 | 20220817044234.0 | ||
| 008 | 081125s2005 mx r 00010 spa d | ||
| 010 | _a95421 | ||
| 011 | _a96393 | ||
| 020 | _a9688386057 | ||
| 035 | _a107046 | ||
| 040 | _cCHAP | ||
| 090 | _aFolleto 17392 | ||
| 100 | 0 | 0 |
_aTorre, Rodolfo de la. _9114019 |
| 245 | 1 | 0 |
_aIngreso y gasto en la medición de la pobreza _c/por Rodolfo de la Torre |
| 260 |
_aMéxico : _bSEDESOLl, _c2005 |
||
| 300 |
_a42 p. : _bgráfs., cuadros |
||
| 490 | 0 |
_aDocumentos de investigación _v; 22 |
|
| 590 |
_aBATCH-UPD _b10 _c20130110 _lUCH01 _h0707 |
||
| 590 |
_aBATCH-UPD _b10 _c20130110 _lUCH01 _h2349 |
||
| 590 |
_aBATCH-UPD _b10 _c20130410 _lUCH01 _h0352 |
||
| 590 |
_aBATCH-UPD _b10 _c20130914 _lUCH01 _h1054 |
||
| 590 |
_aCONVERSION _b10 _c20130109 _lUCH01 _h1353 |
||
| 650 | 1 | 4 |
_aCostos y nivel de vida. _928518 |
| 650 | 1 | 4 |
_aGasto público. _947252 |
| 650 | 1 | 4 |
_aIngresos. _958362 |
| 650 | 1 | 4 |
_aPobreza. _989463 |
| 710 | 0 | _aMéxico. Secretaría de Desarrollo Social. | |
| 830 | 0 |
_aDocumentos de investigación _v; 22 |
|
| 901 | _aBK | ||
| 942 | _cFOLL | ||
| 949 |
_aFolleto 17392 _bBC _cFOLL _d33724002078678 _eTS1 _gDonaciØn _i107046 _sb |
||
| 999 |
_c95421 _d95421 |
||